Le guide de l'étranger a Vichy. (Record no. 183659)

MARC details
000 -LEADER
campo de control de longitud fija 00568nam a2200169 i 4500
001 - NÚMERO DE CONTROL
campo de control 183659
003 - IDENTIFICADOR DE NÚMERO DE CONTROL
campo de control ES-MaACL
005 - FECHA Y HORA DE LA ÚLTIMA TRANSACCIÓN
campo de control 20230906221939.0
008 - DATOS DE LONGITUD FIJA--INFORMACIÓN GENERAL
campo de control de longitud fija 140917q18501899fr |||| | fre d
245 03 - MENCIÓN DEL TÍTULO
Título Le guide de l'étranger a Vichy.
260 ## - PUBLICACIÓN, DISTRIBUCIÓN, ETC.
Lugar de publicación, distribución, etc. Vichy :
Nombre del editor, distribuidor, etc. [s.n.],
Fecha de publicación, distribución, etc. [18-?] (
Fabricante Imp. Wallon)
300 ## - DESCRIPCIÓN FÍSICA
Extensión 108 p. :
Otras características físicas il. ;
Dimensiones 14 cm.
500 ## - NOTA GENERAL
Nota general En cubierta: Guide de l'étranger a Vichy et notice médicale sur l'etablissement thermal.
650 04 - PUNTO DE ACCESO ADICIONAL DE MATERIA--TÉRMINO DE MATERIA
Término de materia o nombre geográfico como elemento de entrada Balnearios-
Subdivisión geográfica Francia.
9 (RLIN) 10481
651 #4 - PUNTO DE ACCESO ADICIONAL DE MATERIA--NOMBRE GEOGRÁFICO
Nombre geográfico Vichy (Francia)-
Subdivisión de forma Guías.
9 (RLIN) 137397
852 ## - LOCALIZACIÓN
Ubicación ES-MaACL
Número de control de estantería T-1146-F-3
Holdings
Estatus retirado Estado de pérdida Estado de daño No para préstamo Colección Biblioteca de origen Biblioteca actual Ubicación en estantería Fecha de adquisición Fuente de adquisición Total de préstamos Signatura topográfica completa Código de barras Visto por última vez Precio de reemplazo Tipo de ítem Koha
        Colección de folletos Biblioteca del Ateneo de Madrid Biblioteca del Ateneo de Madrid Depósito folletos 17/09/2014     T-1146-F-3 1193079 23/02/2023 23/02/2023 Folleto